| 000 | 00478 a2200169 4500 | ||
|---|---|---|---|
| 999 |
_c7454 _d7454 |
||
| 020 | _a0435456024 | ||
| 050 | _aHF 5351 CAR 2000 | ||
| 100 |
_aCarysforth, Carol _eauthor |
||
| 245 |
_aBusiness: _b intermediate / _cCarol Carysforth |
||
| 250 | _a3rd ed | ||
| 264 |
_aOxford: _bHeinemann educational publishers, _c2000. |
||
| 300 | _a410p.: | ||
| 500 | _aincludes index. | ||
| 650 |
_aBusiness _xGreat Britain - |
||
| 700 |
_aMike Neild _qauthor |
||
| 942 |
_2lcc _cBK _h5351 _iCAR _kHF |
||